Fundamentos de destilacion de mezclas multicomponente / Charles D. Holland (Registro nro. 18987)
[ vista simple ]
| 000 -LÍDER | |
|---|---|
| fixed length control field | 00478nam a2200133 4500 |
| 008 - ELEMENTOS DE LONGITUD FIJA -- INFORMACIÓN GENERAL | |
| fixed length control field | 0 1988 0a 000 0Mex |
| 020 ## - NÚMERO INTERNACIONAL NORMALIZADO PARA LIBROS | |
| ISBN | 968-18-2339 |
| 082 ## - NUMERO DE CLASIFICACION DECIMAL DEWEY | |
| Número de Clasificación | 660.284 H844f |
| 100 ## - ASIENTO PRINCIPAL--NOMBRE PERSONAL | |
| Nombre personal | D. Holland Charles |
| 245 ## - TÍTULO | |
| Título | Fundamentos de destilacion de mezclas multicomponente / Charles D. Holland |
| 260 ## - PUBLICACIÓN, DISTRIBUCIÓN, ETC. (PIE DE IMPRENTA) | |
| Lugar de publicación, distribución, etc. | Mexico : Limusa |
| 300 ## - DESCRIPCIÓN FÍSICA | |
| Extensión | 705 p. / 23 cm. |
| 650 ## - ASIENTO SECUNDARIO DE MATERIA - TERMINO TEMÁTICO | |
| Término temático o nombre geográfico como elemento de entrada | 1. DESTILACION ACOMPAÑADA DE REACCION QUIMICA\ 2. SOLUCION DE SISTEMAS DE COLUMNAS CON INTERCAMBIO |
| No. biblioteca | No. biblioteca | Número de clasificación | Código de barras/Número de adquisición | Número de copia | Tipo de material |
|---|---|---|---|---|---|
| LUIS G. INCLAN | LUIS G. INCLAN | 660.284 H844f | 23510 | 10 | Libros |
| LUIS G. INCLAN | LUIS G. INCLAN | 660.284 H844f | 15075 | 1 | Libros |
| LUIS G. INCLAN | LUIS G. INCLAN | 660.284 H844f | 25194 | 12 | Libros |
